| 000 | 00335nam a22001337a 4500 | ||
|---|---|---|---|
| 020 | _a978-0-19-569086-6 | ||
| 082 | _a302.35 | ||
| 100 | _aPareek, Udai | ||
| 245 | _aUnderstanding Organizational Behaviour | ||
| 250 | _a2nd | ||
| 260 |
_aNew York: _bOxford University Press, _c2007 |
||
| 300 | _aviii, 798p.: ill.; 24cm | ||
| 942 | _cBK | ||
| 999 |
_c22169 _d22169 |
||